000 01204nam a2200277 a 4500
005 20240509064235.0
008 120124s2006 mx r 000 0 spa d
020 _a9689082434
035 _aUPN01000183063
040 _aUPN
_bspa
_cUPN
049 _aLTG
050 4 _aLB2002 A1.46
_bI4.7 2006
245 0 3 _aLa importancia de las estrategias para favorecer aprendizajes en la escuela /
_cJosé Antonio Hernández Alejos ... [et al.].
250 _a2a ed.
260 _aMéxico :
_bSEP, Subsecretaría de Educación Básica,
_c2006.
300 _a47 p. :
_bil.
440 0 _aPrograma Nacional para la Actualización Permanente de los Maestros de Educación Básica en Servicio.
_pTalleres Generales de Actualización
500 _a"Primaria, Programa Nacional para la actualización permanente de los maestros de educación básica en servicio, Talleres generales de actualización"
504 _aIncluye referencias bibliográficas (páginas 46-47).
650 4 _aMaestros en servicio, Formación de
_9390
650 4 _aESTRATEGIAS DE APRENDIZAJE
700 1 _aHernández Alejos, José Antonio,
_ecoaut.
710 2 _943652
_aSEP-PRONAP (Programa)
905 _aLibro
942 _2lcc
_cLIBRO
999 _c155166
_d155166